[Event "GER-ch U12"]
[Site "Willingen"]
[Date "2015.05.25"]
[Round "4"]
[White "Berelowitsch, Dana"]
[Black "Boettner, Oliver"]
[Result "1-0"]
[WhiteElo "1468"]
[BlackElo "1363"]
[PlyCount "45"]
[EventDate "2015.05.24"]
[EventType "swiss"]
[EventRounds "11"]
[EventCountry "GER"]
[SourceTitle "CBM 166 Extra"]
[Source "ChessBase"]
[SourceDate "2015.06.18"]
[SourceVersion "1"]
[SourceVersionDate "2015.06.18"]
[SourceQuality "1"]

1. e4 e5 2. Nf3 Nc6 3. Bc4 Be7 4. d4 exd4 5. Nxd4 Nf6 6. Nc3 0-0 7. 0-0 Bb4 8. Bg5 h6 9. Bxf6 Qxf6 10. Nxc6 dxc6 11. Qd3 a5 12. Qg3 Qd4 13. Qd3 Qe5 14. Qf3 Bd7 15. Rad1 Rad8 16. Kh1 b5 17. Bd3 Bxc3 18. bxc3 Qxc3 19. Qg3 Rc8 20. e5 Rfe8 21. Bh7+ Kxh7 22. Qxc3 b4 23. Qd3+ 1-0

[Event "Mecklenburg VP-ch U12"]
[Site "Malchow"]
[Date "2015.02.04"]
[Round "7.1"]
[White "Langer, Robert"]
[Black "Boettner, Oliver"]
[Result "1-0"]
[WhiteElo "1193"]
[BlackElo "1096"]
[PlyCount "47"]
[EventDate "2015.01.31"]
[EventType "swiss"]
[EventRounds "7"]
[EventCountry "GER"]
[SourceTitle "EXT 2022"]
[Source "ChessBase"]
[SourceDate "2021.10.06"]
[SourceVersion "1"]
[SourceVersionDate "2021.10.06"]
[SourceQuality "1"]

1. d4 d5 2. e3 Bf5 3. Bd3 Bxd3 4. Qxd3 e6 5. f4 Nf6 6. Nd2 a6 7. Ngf3 c5 8. c3 c4 9. Qe2 Bd6 10. 0-0 0-0 11. Ne5 Nbd7 12. Qf3 b5 13. Qh3 Ne4 14. Ndf3 Bxe5 15. fxe5 f6 16. Qxe6+ Kh8 17. Qxd5 fxe5 18. Qxe4 exd4 19. exd4 Nf6 20. Qc2 Qd6 21. Ng5 g6 22. g3 b4 23. Qg2 Qd5 24. Qh3 1-0

[Event "Mecklenburg VP-ch U12"]
[Site "Malchow"]
[Date "2015.02.01"]
[Round "2.4"]
[White "Boettner, Oliver"]
[Black "Trampnau, Jan Niklas"]
[Result "1-0"]
[WhiteElo "1096"]
[BlackElo "1012"]
[PlyCount "159"]
[EventDate "2015.01.31"]
[EventType "swiss"]
[EventRounds "7"]
[EventCountry "GER"]
[SourceTitle "EXT 2022"]
[Source "ChessBase"]
[SourceDate "2021.10.06"]
[SourceVersion "1"]
[SourceVersionDate "2021.10.06"]
[SourceQuality "1"]

1. e4 d6 2. d4 Nf6 3. Nc3 Nbd7 4. Nf3 e6 5. Bg5 h6 6. Bh4 Be7 7. Bc4 Nb6 8. Bb3 Bd7 9. 0-0 c5 10. dxc5 dxc5 11. Ne5 0-0 12. Nxd7 Nfxd7 13. Bxe7 Qxe7 14. Qe2 Rac8 15. a4 c4 16. Ba2 Qb4 17. Rfb1 Nxa4 18. Nxa4 Qxa4 19. b3 cxb3 20. Bxb3 Qd4 21. Rd1 Qc3 22. Rxa7 Rc7 23. Qd3 Qc5 24. Qc4 Qxc4 25. Bxc4 Rxc4 26. Rxd7 Rxc2 27. h3 b5 28. Rdb7 Rb2 29. Ra5 b4 30. Rab5 Rc8 31. Rxb4 Rc1+ 32. Kh2 Rxb4 33. Rxb4 Re1 34. Rb8+ Kh7 35. Rf8 Kg6 36. f3 f6 37. Kg3 Re2 38. h4 h5 39. Re8 Kf7 40. Rh8 Kg6 41. Kh3 e5 42. g4 hxg4+ 43. Kxg4 Rg2+ 44. Kh3 Rg1 45. Kh2 Rc1 46. h5+ Kf7 47. h6 gxh6 48. Rxh6 Rc3 49. Kg3 Kg7 50. Rh3 Kg6 51. Kg4 Rc4 52. Rg3 Rc7 53. Kh4+ Kf7 54. Kh5 Rc8 55. Rg6 Rf8 56. Rh6 Rg8 57. Rh7+ Rg7 58. Kh6 Rxh7+ 59. Kxh7 Ke6 60. Kg6 Ke7 61. Kg7 Ke6 62. Kf8 f5 63. Ke8 Kf6 64. Kd7 fxe4 65. fxe4 Kg5 66. Ke6 Kf4 67. Kd5 Kg5 68. Kxe5 Kg6 69. Kd6 Kf6 70. e5+ Kf7 71. Kd7 Kf8 72. e6 Kg7 73. e7 Kf6 74. e8Q Kf5 75. Qe3 Kf6 76. Qf4+ Kg6 77. Ke7 Kh5 78. Qg3 Kh6 79. Kf6 Kh7 80. Qg7# 1-0

[Event "Mecklenburg VP-ch U10"]
[Site "Malchow"]
[Date "2014.02.03"]
[Round "5"]
[White "Boettner, Oliver"]
[Black "Pantsernaya, Sofya"]
[Result "0-1"]
[WhiteElo "1015"]
[BlackElo "1179"]
[PlyCount "120"]
[EventDate "2014.02.01"]
[EventType "swiss"]
[EventRounds "7"]
[EventCountry "GER"]
[SourceTitle "EXT 2017"]
[Source "ChessBase"]
[SourceDate "2016.10.25"]
[SourceVersion "1"]
[SourceVersionDate "2016.10.25"]
[SourceQuality "1"]

1. e4 d5 2. e5 Bf5 3. d4 Nc6 4. Nf3 e6 5. Bb5 Nge7 6. Bg5 Qd7 7. 0-0 a6 8. Ba4 Ng6 9. c3 Be7 10. Bxe7 Ngxe7 11. Nbd2 b5 12. Bb3 0-0 13. a4 Rfb8 14. h3 Na5 15. Ba2 bxa4 16. b3 Bd3 17. Re1 axb3 18. Nxb3 Nxb3 19. Bxb3 Bb5 20. Qc2 h6 21. c4 Bc6 22. Qd3 dxc4 23. Bxc4 Bb5 24. Bxb5 axb5 25. Rxa8 Rxa8 26. Rb1 c6 27. Qe4 Ra4 28. Kh2 c5 29. Rd1 Nf5 30. Rd3 c4 31. Rc3 Ne7 32. g4 Nd5 33. Rc2 Qe7 34. Nd2 c3 35. Nb1 b4 36. Qe1 Ra1 37. Qc1 Qc7 38. Re2 b3 39. Re1 c2 40. Qb2 cxb1Q 41. Rxb1 Rxb1 42. Qxb1 Qc2 43. Qxc2 bxc2 44. Kg2 c1Q 45. Kh2 Qf4+ 46. Kg2 Qxd4 47. Kh2 Qxe5+ 48. Kg2 Nf4+ 49. Kf3 Nxh3 50. g5 Qf4+ 51. Kg2 Nxg5 52. f3 Qxf3+ 53. Kh2 Kh7 54. Kg1 Ne4 55. Kh2 Nc5 56. Kg1 Qe2 57. Kh1 Kg6 58. Kg1 Kh5 59. Kh1 Kh4 60. Kg1 Kh3 0-1